00609nam a2200157 a 4500008004100000050001500041100002400056245002800080246003500108260004500143300001600188350000900204995009000213999001700303952013100320120416s1958 ||||||||||||||||| || u aBF 131 Pri aPrice-William, D. R10aIntroductory psychology aan approach for social workers aLondonbRoutledge and Kegan Paulc[1958] aviii, 203p. a0.00 D0.00FCBU-MAIN LIBRARY (Kitwe)H1I0.00UDAMAGEDZMain Library Open Access Collection c48119d48119 00102lcc4070a001b001cMain Library Open Access Collectiond2022-11-30l0oBF 131 Prip000959r2022-11-30w2022-11-30y002